00386nam a2200157Ia 4500008004100000082002000041100002000061245002700081250000600108260001200114300000800126600002000134630002700154700002000181730002700201151018s9999 xx 000 0 und d bRBASDV1662a920 aSamuel Johnson aLives of poets vol 1-2 b- b-c1937 a528 aSamuel Johnson aLives of poets vol 1-2 aSamuel Johnson aLives of poets vol 1-2